2008 yılı bütçe sunuş konuşması (Record no. 7362)

MARC details
000 -BAŞLIK
Sabit Uzunlukta Kontrol Alanı 00768na a2200241 4500
001 - KONTROL NUMARASI
Denetim Alanı 21863
003 - KONTROL NUMARASI IDENTIFIER
Denetim Alanı MIRAKIL
005 - SON İŞLEM TARİHİ VE ZAMANI
Denetim Alanı 20181213155136.0
008 - SABİT-BOY VERİ ELEMANLARI - GENEL BİLGİLER
Sabit Uzunlukta Kontrol Alanı 170208b tu 000 0
040 ## - KATALOGLAMA KAYNAK
Orijinal Kataloglama Ajansı Milas
Kataloglama Dili tur
Metne Dönüştürmek Ajansı TR-AnCHP
041 ## - DİL KODU
Metin / Ses Parça Veya Ayrı Başlığın Dil Kodu tur
082 ## - DEWEY ONLU SINIFLANDIRMA NUMARASI
Sınıflandırma Numarası 351.7222
Ürün Numarası U42i 2007
090 ## - SINIFLAMA NUMARASI
Sınıflama Numarası 351.7222 U42i 2007
100 ## - ANA GİRİŞ - KİŞİSEL İSİM
Kişisel Ad Unakıtan, Kemal
Bir Adıyla İlişkilendirilen Başlıklar Ve Kelimeler Maliye Bakanı
245 ## - BAŞLIK TABLOSU
Başlık 2008 yılı bütçe sunuş konuşması
Başlığın Kalan TBMM Plan ve Bütçe Komisyonu
Sorumluluk Tablosu, Vb Kemal Unakıtan
246 ## - UNVAN FORM VARYING
Başlık Doğru / Kısa Başlığı TBMM Plan ve Bütçe Komisyonu
260 ## - YAYIN, DAĞITIM, VB
Yayın, Dağıtım, Vb Yeri Ankara
Yayıncı, Dağıtıcı, Vs Adı Maliye Bakanlığı
Yayın, Dağıtım, Vb Tarihi 2007
300 ## - FİZİKSEL TANIM
Kapsam 41 s.
Diğer Fiziksel Ayrıntıları tbl.
Boyutlar 23 sm.
600 ## - KONU KATMA GİRİŞ - KURUMSAL ADI
Kişisel Ad Unakıtan, Kemal
Genel Alt Bölümü Bütçe sunuş
610 ## - KONU KATMA GİRİŞ - TOPLANTI ADI
Giriş Elemanı Olarak Kurumsal Ad Veya Yargı Alanı Adı Maliye Bakanlığı
Genel Alt Bölüm Bütçe sunuş
Kronolojik Alt Bölüm 2008
740 ## - KATMA GİRİŞ - KONTROLSUZ İLGİLİ / ANALİTİK BAŞLIK
Kontrol Edilmeyen / İlgili Analitik Başlıktaki TBMM Plan ve Bütçe Komisyonu
942 ## - EKLENDİ GİRİŞ ELEMANLARI (KOHA)
Sınıflandırma Veya Raf Düzeni Kaynak Dewey Decimal Classification
Koha Öğesi Türü Books
999 ## - SİSTEM KONTROL NUMARALARI (KOHA)
Koha Biblionumber 7362
Koha Biblioitemnumber 7362
Holdings
Kalıcı Konum Mevcut Konum Edinme Tarihi Edinim Kaynak Toplam Check-Out'Lar Tam Çağrı Numarası Barkod Tarih Son Görülme İtibaren Geçerli Fiyatlar Koha Öğesi Türü
CHP Kütüphanesi CHP Kütüphanesi 02/08/2017 Bağış   351.7222 U42i 2007 012332 02/08/2017 02/08/2017 Books